007 Villains Mug Shots - Statistics

General Stats
  • This quiz has been taken 59 times
  • The average score is 12 of 30
Answer Stats
Picture Answer % Correct
Dr. No
90%
Auric Goldfinger
85%
Oddjob
83%
Ernst Stavro Blofeld
79%
Jaws
79%
Francisco Scaramanga
67%
Le Chiffre
58%
Dr. Kananga
50%
Hugo Drax
48%
Emilio Largo
46%
Max Zorin
46%
Karl Stromberg
44%
Elektra King
35%
Raoul Silva
35%
Brad Whitaker
33%
Kamal Khan
31%
Rosa Klebb
31%
General Orlov
29%
Aristotle Kristatos
27%
Dominic Greene
27%
Elliot Carver
27%
Franz Sanchez
27%
Red Grant
27%
Alec Trevelyan
23%
Gustav Graves
23%
Renard
23%
Lyutsifer Safin
21%
Franz Oberhauser
19%
General Koskov
15%
Tov Kronsteen
8%
No matching quizzes found
Score Distribution
Percent of People with Each Score
Percentile by Number Answered
Your Score History
You have not taken this quiz